| 000 | 00585nam a22002057a 4500 | ||
|---|---|---|---|
| 003 | OSt | ||
| 005 | 20250414181459.0 | ||
| 008 | 250414b |||||||| |||| 00| 0 eng d | ||
| 022 | _a9788183873574 | ||
| 040 | _cSerials Puplication | ||
| 050 |
_aHV7431 _b.B16 |
||
| 100 | _aBajpai. G. S. | ||
| 245 |
_aSituational Crime Prevention and Crime Reduction _bG. S. Bajpai |
||
| 250 | _a4th ed. | ||
| 260 |
_aNew dELHI, ; _bSerials Publications, ; _cc2011 |
||
| 300 | _aiii, 281 pp ; | ||
| 500 | _aIncludes index, tables and illustrations | ||
| 600 | _2Criminal Law | ||
| 942 |
_2lcc _cBK _n0 |
||
| 999 |
_c5469 _d5469 |
||